000 00387nam a2200109Ia 4500
008 171204s9999 xx 000 0 und d
245 _aMindfulness and Schema Therapy: A Practical Guide
245 _cGer Schurink, Jenny Broersen, and Michiel van Vreeswij
260 _c2014
650 _xPSYCHOLOGICAL COUNSELING AND PSYCHOTHERAPY
856 _uhttp://down.ebook777.com/053/1118753186.pdf
999 _c346540
_d346540